000 00316nam a22001337a 4500
008 181101b xxu||||| |||| 00| 0 eng d
020 _a0910701725
041 _aeng
080 _a610
100 _a4
101 _aSHM
245 _aEvaluation and Decision Making for Health Services
_cVeney,J.E
942 _2udc
_cBK
999 _c51425
_d51425